| 000 | 01232nam a2200349 i 4500 | ||
|---|---|---|---|
| 001 | 015386582 | ||
| 003 | EG-ScBUE | ||
| 005 | 20230515112600.0 | ||
| 008 | 090929s2010 enka f b 001 0 eng d | ||
| 020 | _a9781845119997 (pbk.) : | ||
| 020 | _a1845119991 (pbk.) : | ||
| 040 |
_aStDuBDS _beng _erda _cStDuBDS _dUk _dEG-ScBUE |
||
| 082 | 0 | 4 |
_a701.18 _222 _bREN |
| 100 | 1 |
_aRendell, Jane, _d1967- _eauthor. |
|
| 245 | 1 | 0 |
_aSite-writing : _bthe architecture of art criticism / _cJane Rendell. |
| 264 | 1 |
_aLondon : _bI.B. Tauris, _c2010. |
|
| 300 |
_axvii, 309 pages : _billustrations (chiefly color) ; _c24 cm |
||
| 336 |
_atext _2rdacontent _btxt |
||
| 337 |
_aunmediated _2rdamedia _bn |
||
| 338 |
_avolume _2rdacarrier _bnc |
||
| 504 | _aIncludes bibliographical references and index. | ||
| 540 |
_aCurrent Copyright Fee: GBP30.00 _c0 _5Uk |
||
| 650 | 7 |
_aArt criticism. _2BUEsh |
|
| 650 | 7 |
_aArt criticism _xPhilosophy. _2BUEsh |
|
| 650 | 7 |
_aArt _xExhibitions _xPsychological aspects. _2BUEsh |
|
| 650 | 7 |
_aSite-specific art _xPsychological aspects. _2BUEsh |
|
| 653 |
_bART _cMay2023 |
||
| 655 | _vReading book | ||
| 942 |
_2ddc _cBB |
||
| 999 |
_c30380 _d30351 |
||